| 000 | 00778cab a2200253 4500 | ||
|---|---|---|---|
| 001 | WB2945-32 | ||
| 008 | 090401t1993 xxu||||| |||| 00| 0 eng d | ||
| 035 | _a(Sirsi) u36101 | ||
| 041 | _aeng | ||
| 245 | _aLandlord and Tenant Act 1988 | ||
| 260 | _c1993 | ||
| 350 | _a0 | ||
| 490 |
_aCSW - The Property Week _v45(9) 2 December 1993, 54(1) |
||
| 520 | _aBrief comment on the Landlord and Tenant Act 1988 and on the impact of this piece of legislation referring to case law. | ||
| 650 | _aAIR INDIA V BELABEL | ||
| 650 | _aASSIGNMENT | ||
| 650 | _aCIN PROPERTIES V GILL | ||
| 650 | _aLANDLORD AND TENANT ACT 1988 | ||
| 650 | _aLEASES | ||
| 650 | _aWITHOLDING OF CONSENT | ||
| 690 | _aLANDLORD AND TENANT-BUSINESS TENANCIES | ||
| 942 | _n0 | ||
| 948 | _c04/03/1997 | ||
| 999 |
_c23567 _d23567 |
||